[Event "RUS-ch Blitz 2021"]
[Site "Sochi"]
[Date "2021.10.11"]
[Round "5.1"]
[White "Artemiev, Vladislav"]
[Black "Alekseev, Evgeny"]
[Result "1-0"]
[WhiteElo "2699"]
[BlackElo "2602"]
[Annotator "TA"]
[PlyCount "99"]
[EventDate "2021.10.11"]
[EventType "blitz"]
[EventCountry "RUS"]
[SourceTitle "playchess.com"]
[Source "ChessBase"]
[SourceQuality "1"]

{[%evp 9,99,0,6,0,0,10,6,0,0,-6,10,0,14,12,52,-20,-18,-30,-14,-25,-28,0,0,0,0,
0,0,0,0,8,8,-9,-16,-66,-47,-49,-35,-61,-19,-118,-45,-42,-45,-92,-36,-49,0,-35,
-8,-12,-12,-8,0,-4,-4,-15,-3,-3,0,0,0,0,14,20,148,103,144,154,145,147,115,110,
393,393,476,475,470,458,583,542,504,436,436,436,432,307,29981,307,436,436,352,
316]} 1. c4 c5 2. g3 g6 3. Bg2 Bg7 4. Nc3 Nc6 5. d3 d6 6. Qd2 {A36:
Symmetrical English vs ...g6: 4 Bg2 Bg7.} e6 7. b3 Nge7 8. Bb2 {The position
is equal.} O-O 9. h4 h6 10. Nf3 {[#]} f5 $146 ({Predecessor:} 10... d5 11. cxd5
exd5 12. Na4 Bxb2 13. Nxb2 Kh7 14. Rc1 b6 15. d4 cxd4 16. h5 g5 17. Rxc6 Nxc6 {
1-0 (47) So,W (2772)-Dominguez Perez,L (2758) Saint Louis 2021}) 11. e3 e5 12.
a3 ({White should try} 12. O-O-O $14) 12... Be6 13. O-O Bf7 14. Rad1 Qd7 15. d4
cxd4 16. exd4 e4 17. d5 $1 {[%cal Rd5c6]} exf3 18. dxc6 Nxc6 19. Bxf3 {aiming
for Nb5.} Nd4 {[%mdl 64] [#] Double Attack} 20. Bg2 {Strongly threatening Nd5.}
Nxb3 21. Qxd6 Qxd6 22. Rxd6 Na5 23. Ba1 Rfd8 (23... Nxc4 {is interesting.} 24.
Rd7 Rad8 25. Rxb7 Na5 26. Rc7 Nb3) 24. c5 (24. Nb5 $1 $11) 24... Rxd6 ({
Black should play} 24... Nb3 $17 {White must now prevent ...Rxd6.} 25. Bb2 Nxc5
) 25. cxd6 $15 Rd8 26. Rd1 Nc4 (26... Nb3 $17 27. Bb2 Nd4) 27. d7 Be6 28. Nb5 (
28. Bxb7 {looks sharper.} Kf7 29. Nb5 Bxa1 30. Rxa1 Rxd7 31. Bc8) 28... Bxa1
29. Rxa1 Rxd7 {Threatens to win with ...a6.} 30. Nxa7 Nd6 31. Rd1 Kf7 32. a4
Ke7 33. Rb1 Rc7 34. Nb5 Nxb5 35. Rxb5 $11 {[%mdl 4096] Endgame KRB-KRB} Bd7 36.
Rb6 Kf7 (36... Rc1+ $11 {remains equal.} 37. Kh2 Rc2) 37. a5 ({Of course not} 
37. Bxb7 $6 Bxa4 38. h5 gxh5 $11) 37... Bc8 38. Bd5+ Kg7 39. Kg2 g5 40. h5 Rc5
$2 {[%mdl 8192] [#] This move loses the game for Black.} (40... g4 $16 41. Kf1
Kh7) 41. Bxb7 $18 Bxb7+ 42. Rxb7+ {KR-KR} Kf6 43. a6 Ra5 44. Rb6+ Kg7 45. Kf1
Ra2 46. Ke1 g4 47. Kf1 Kh7 $2 (47... Kf7 $18 48. Rd6 Kg7 49. Rg6+ Kh7) 48. Rf6
$2 (48. Rb7+ {mates} Kg8 49. a7 f4 50. gxf4 Kf8 51. Kg2 Ra1 52. Rb8+ Ke7 53.
a8=Q) 48... Kg7 (48... Kg8 $142 49. Rd6 Kh8 50. Rxh6+ Kg8) 49. Rxf5 Rxa6 50.
Rf4 {Weighted Error Value: White=0.36/Black=0.52} 1-0

[Event "RUS-ch Blitz 2021"]
[Site "Sochi"]
[Date "2021.10.11"]
[Round "5.2"]
[White "Sarana, Alexey"]
[Black "Timofeev, Artyom"]
[Result "0-1"]
[WhiteElo "2649"]
[BlackElo "2586"]
[Annotator "ChessBase"]
[PlyCount "170"]
[EventDate "2021.10.11"]
[EventType "blitz"]
[EventCountry "RUS"]
[SourceTitle "playchess.com"]
[Source "ChessBase"]
[SourceQuality "1"]
[TimeControl "180+2"]

1. d4 {[%emt 0:00:00]} Nf6 {[%emt 0:00:05]} 2. c4 {[%emt 0:00:03]} b6 {[%emt 0:
00:00]} 3. f3 {[%emt 0:00:00]} d5 {[%emt 0:00:00]} 4. cxd5 {[%emt 0:00:06]}
Nxd5 {[%emt 0:00:00]} 5. e4 {[%emt 0:00:00]} Nf6 {[%emt 0:00:00]} 6. Nc3 {
[%emt 0:00:00]} e6 {[%emt 0:00:00]} 7. Be3 {[%emt 0:00:01]} Be7 {[%emt 0:00:01]
} 8. Bc4 {[%emt 0:00:03]} O-O {[%emt 0:00:09]} 9. Nge2 {[%emt 0:00:00]} Ba6 {
[%emt 0:00:00]} 10. Bxa6 {[%emt 0:00:07]} Nxa6 {[%emt 0:00:00]} 11. O-O {
[%emt 0:00:04]} c6 {[%emt 0:00:07]} 12. Qa4 {[%emt 0:00:04]} Qc8 {[%emt 0:00:
04]} 13. Rac1 {[%emt 0:00:00]} Qb7 {[%emt 0:00:00]} 14. a3 {[%emt 0:00:08]}
Rac8 {[%emt 0:00:02]} 15. b4 {[%emt 0:00:10]} Nb8 {[%emt 0:00:07]} 16. Rc2 {
[%emt 0:00:11]} Nbd7 {[%emt 0:00:12]} 17. Rfc1 {[%emt 0:00:00]} c5 {[%emt 0:00:
00]} 18. dxc5 {[%emt 0:00:39]} bxc5 {[%emt 0:00:04]} 19. b5 {[%emt 0:00:00]}
Nb6 {[%emt 0:00:00]} 20. Qb3 {[%emt 0:00:14]} Nfd7 {[%emt 0:00:08]} 21. a4 {
[%emt 0:00:06]} a5 {[%emt 0:00:05]} 22. Qa2 {[%emt 0:00:17]} Rfd8 {[%emt 0:00:
00]} 23. Rd2 {[%emt 0:00:02]} Ne5 {[%emt 0:00:06]} 24. Rcd1 {[%emt 0:00:21]}
Rxd2 {[%emt 0:00:05]} 25. Bxd2 {[%emt 0:00:00]} c4 {[%emt 0:00:03]} 26. Be3 {
[%emt 0:00:08]} Bb4 {[%emt 0:00:06]} 27. Qc2 {[%emt 0:00:10]} Nbd7 {[%emt 0:00:
03]} 28. Na2 {[%emt 0:00:07]} h6 {[%emt 0:00:19]} 29. Nd4 {[%emt 0:00:18]} Bc5
{[%emt 0:00:04]} 30. Nc3 {[%emt 0:00:00]} Nd3 {[%emt 0:00:05]} 31. Qe2 {
[%emt 0:00:07]} Qb6 {[%emt 0:00:12]} 32. Nc2 {[%emt 0:00:05]} N7e5 {[%emt 0:00:
11]} 33. Bxc5 {[%emt 0:00:00]} Nxc5 {[%emt 0:00:05]} 34. Qe3 {[%emt 0:00:04]}
Ned3 {[%emt 0:00:03]} 35. h3 {[%emt 0:00:11]} Nb4 {[%emt 0:00:06]} 36. Nd4 {
[%emt 0:00:02]} Ncd3 {[%emt 0:00:08]} 37. Nf5 {[%emt 0:00:05]} Qc7 {[%emt 0:00:
14]} 38. b6 {[%emt 0:00:10]} Qd7 {[%emt 0:00:03]} 39. Nd4 {[%emt 0:00:08]} Rb8
{[%emt 0:00:02]} 40. Ndb5 {[%emt 0:00:00]} Qc6 {[%emt 0:00:01]} 41. Kh2 {
[%emt 0:00:06]} Qxb6 {[%emt 0:00:04]} 42. Qxb6 {[%emt 0:00:04]} Rxb6 {[%emt 0:
00:00]} 43. Rd2 {[%emt 0:00:03]} Rb8 {[%emt 0:00:01]} 44. Nd4 {[%emt 0:00:03]}
Kf8 {[%emt 0:00:06]} 45. Ndb5 {[%emt 0:00:00]} g5 {[%emt 0:00:00]} 46. h4 {
[%emt 0:00:03]} Ke7 {[%emt 0:00:04]} 47. Kg3 {[%emt 0:00:00]} Rg8 {[%emt 0:00:
00]} 48. hxg5 {[%emt 0:00:03]} hxg5 {[%emt 0:00:00]} 49. Kg4 {[%emt 0:00:00]}
Nc6 {[%emt 0:00:05]} 50. Kg3 {[%emt 0:00:00]} Nce5 {[%emt 0:00:02]} 51. Ne2 {
[%emt 0:00:04]} Nc5 {[%emt 0:00:05]} 52. Nec3 {[%emt 0:00:04]} Ned3 {[%emt 0:
00:03]} 53. Nd4 {[%emt 0:00:00]} Rc8 {[%emt 0:00:06]} 54. Rc2 {[%emt 0:00:00]}
Kf6 {[%emt 0:00:08]} 55. Kg4 {[%emt 0:00:06]} Ne5+ {[%emt 0:00:00]} 56. Kg3 {
[%emt 0:00:00]} Ncd3 {[%emt 0:00:00]} 57. Ncb5 {[%emt 0:00:00]} Nb4 {[%emt 0:
00:06]} 58. Rc3 {[%emt 0:00:02]} Rd8 {[%emt 0:00:03]} 59. Kf2 {[%emt 0:00:04]}
g4 {[%emt 0:00:03]} 60. f4 {[%emt 0:00:03]} Ned3+ {[%emt 0:00:02]} 61. Ke3 {
[%emt 0:00:02]} Nxf4 {[%emt 0:00:06]} 62. Kxf4 {[%emt 0:00:03]} e5+ {[%emt 0:
00:00]} 63. Ke3 {[%emt 0:00:02]} exd4+ {[%emt 0:00:00]} 64. Nxd4 {[%emt 0:00:
01]} Rc8 {[%emt 0:00:01]} 65. Kf4 {[%emt 0:00:01]} Nd3+ {[%emt 0:00:04]} 66.
Ke3 {[%emt 0:00:02]} Ke5 {[%emt 0:00:03]} 67. Nb5 {[%emt 0:00:04]} Ke6 {
[%emt 0:00:20]} 68. Kd4 {[%emt 0:00:00]} Ne5 {[%emt 0:00:02]} 69. Ke3 {[%emt 0:
00:04]} Rd8 {[%emt 0:00:02]} 70. Nd4+ {[%emt 0:00:02]} Kf6 {[%emt 0:00:01]} 71.
Rc2 {[%emt 0:00:02]} Kg6 {[%emt 0:00:02]} 72. Rb2 {[%emt 0:00:02]} c3 {[%emt 0:
00:05]} 73. Rb6+ {[%emt 0:00:02]} f6 {[%emt 0:00:01]} 74. Rb5 {[%emt 0:00:05]}
Rc8 {[%emt 0:00:08]} 75. Nc2 {[%emt 0:00:00]} Rd8 {[%emt 0:00:23]} 76. Nd4 {
[%emt 0:00:02]} Nc4+ {[%emt 0:00:10]} 77. Kd3 {[%emt 0:00:00]} c2 {[%emt 0:00:
02]} 78. Kxc2 {[%emt 0:00:04]} Rxd4 {[%emt 0:00:00]} 79. Kc3 {[%emt 0:00:01]}
Rxe4 {[%emt 0:00:02]} 80. Rc5 {[%emt 0:00:00]} Ne5 {[%emt 0:00:01]} 81. Rxa5 {
[%emt 0:00:03]} Re2 {[%emt 0:00:00]} 82. Ra8 {[%emt 0:00:00]} Rxg2 {[%emt 0:00:
02]} 83. a5 {[%emt 0:00:00]} Ra2 {[%emt 0:00:02]} 84. Kb3 {[%emt 0:00:00]} Ra1
{[%emt 0:00:02]} 85. Kb2 {[%emt 0:00:00]} Rxa5 {[%emt 0:00:01]} 0-1

[Event "RUS-ch Blitz 2021"]
[Site "Sochi"]
[Date "2021.10.11"]
[Round "5.3"]
[White "Moiseenko, Vadim"]
[Black "Dreev, Aleksey"]
[Result "0-1"]
[WhiteElo "2542"]
[BlackElo "2635"]
[Annotator "ChessBase"]
[PlyCount "67"]
[EventDate "2021.10.11"]
[EventType "blitz"]
[EventCountry "RUS"]
[SourceTitle "playchess.com"]
[Source "ChessBase"]
[SourceQuality "1"]
[TimeControl "180+2"]

1. Nf3 {[%emt 0:00:00]} d5 {[%emt 0:00:05]} 2. c4 {[%emt 0:00:03]} c6 {[%emt 0:
00:00]} 3. d4 {[%emt 0:00:07]} Nf6 {[%emt 0:00:00]} 4. cxd5 {[%emt 0:00:02]}
cxd5 {[%emt 0:00:03]} 5. Nc3 {[%emt 0:00:00]} Nc6 {[%emt 0:00:02]} 6. Bf4 {
[%emt 0:00:03]} e6 {[%emt 0:00:03]} 7. e3 {[%emt 0:00:06]} Bd6 {[%emt 0:00:06]}
8. Bg5 {[%emt 0:00:16]} h6 {[%emt 0:00:11]} 9. Bh4 {[%emt 0:00:00]} Bd7 {
[%emt 0:00:32]} 10. Rc1 {[%emt 0:00:06]} Rc8 {[%emt 0:00:00]} 11. Bd3 {[%emt 0:
00:05]} O-O {[%emt 0:00:00]} 12. Bb1 {[%emt 0:00:06]} Be7 {[%emt 0:00:13]} 13.
O-O {[%emt 0:00:04]} Nh5 {[%emt 0:00:10]} 14. Bxe7 {[%emt 0:00:05]} Qxe7 {
[%emt 0:00:04]} 15. Qd3 {[%emt 0:00:35]} g6 {[%emt 0:00:20]} 16. Rfe1 {[%emt 0:
00:13]} Rfd8 {[%emt 0:00:12]} 17. Qd2 {[%emt 0:00:08]} Kg7 {[%emt 0:00:07]} 18.
Ne5 {[%emt 0:00:13]} Be8 {[%emt 0:00:16]} 19. f4 {[%emt 0:00:06]} Nf6 {[%emt 0:
00:01]} 20. Rf1 {[%emt 0:00:03]} b5 {[%emt 0:00:07]} 21. Nxb5 {[%emt 0:00:12]}
Ne4 {[%emt 0:00:16]} 22. Bxe4 {[%emt 0:00:05]} dxe4 {[%emt 0:00:09]} 23. Nc3 {
[%emt 0:00:04]} Qb7 {[%emt 0:00:11]} 24. Qf2 {[%emt 0:00:18]} Ne7 {[%emt 0:00:
00]} 25. b3 {[%emt 0:00:26]} Rc7 {[%emt 0:00:10]} 26. Ne2 {[%emt 0:00:03]} Rdc8
{[%emt 0:00:05]} 27. Rxc7 {[%emt 0:00:05]} Rxc7 {[%emt 0:00:00]} 28. Nc4 {
[%emt 0:00:03]} Bb5 {[%emt 0:00:14]} 29. Nd6 {[%emt 0:00:05]} Qd5 {[%emt 0:00:
04]} 30. Nxb5 {[%emt 0:00:00]} Qxb5 {[%emt 0:00:00]} 31. Rc1 {[%emt 0:00:10]}
Rxc1+ {[%emt 0:00:10]} 32. Nxc1 {[%emt 0:00:00]} Qb4 {[%emt 0:00:00]} 33. Kf1 {
[%emt 0:00:09]} Nd5 {[%emt 0:00:02]} 34. Qc2 {[%emt 0:00:07]} 0-1

[Event "RUS-ch Blitz 2021"]
[Site "Sochi"]
[Date "2021.10.11"]
[Round "5.4"]
[White "Sjugirov, Sanan"]
[Black "Demidov, Mikhail"]
[Result "1-0"]
[WhiteElo "2663"]
[BlackElo "2551"]
[Annotator "ChessBase"]
[PlyCount "105"]
[EventDate "2021.10.11"]
[EventType "blitz"]
[EventCountry "RUS"]
[SourceTitle "playchess.com"]
[Source "ChessBase"]
[SourceQuality "1"]
[TimeControl "180+2"]

1. d4 {[%emt 0:00:00]} d5 {[%emt 0:00:00]} 2. c4 {[%emt 0:00:00]} c6 {[%emt 0:
00:00]} 3. Nf3 {[%emt 0:00:00]} Nf6 {[%emt 0:00:05]} 4. Nc3 {[%emt 0:00:07]}
dxc4 {[%emt 0:00:00]} 5. a4 {[%emt 0:00:06]} Bf5 {[%emt 0:00:00]} 6. Ne5 {
[%emt 0:00:08]} Na6 {[%emt 0:00:00]} 7. e3 {[%emt 0:00:03]} Bd3 {[%emt 0:00:15]
} 8. Nxd3 {[%emt 0:00:25]} cxd3 {[%emt 0:00:00]} 9. Bxd3 {[%emt 0:00:00]} Nb4 {
[%emt 0:00:00]} 10. Be2 {[%emt 0:00:07]} e6 {[%emt 0:00:00]} 11. a5 {[%emt 0:
00:07]} Be7 {[%emt 0:00:13]} 12. O-O {[%emt 0:00:03]} O-O {[%emt 0:00:01]} 13.
Bd2 {[%emt 0:00:03]} a6 {[%emt 0:00:51]} 14. Na4 {[%emt 0:00:23]} Nbd5 {
[%emt 0:00:12]} 15. Qc2 {[%emt 0:00:18]} Bb4 {[%emt 0:01:04]} 16. Bxb4 {
[%emt 0:00:35]} Nxb4 {[%emt 0:00:00]} 17. Qc5 {[%emt 0:00:00]} Nbd5 {[%emt 0:
00:04]} 18. b4 {[%emt 0:00:21]} Ne4 {[%emt 0:00:16]} 19. Qc2 {[%emt 0:00:05]}
Nef6 {[%emt 0:00:11]} 20. Rab1 {[%emt 0:00:00]} Qe7 {[%emt 0:00:00]} 21. Nc5 {
[%emt 0:00:03]} Rab8 {[%emt 0:00:04]} 22. Bf3 {[%emt 0:00:09]} Rfd8 {[%emt 0:
00:00]} 23. g3 {[%emt 0:00:07]} g6 {[%emt 0:00:00]} 24. Rfc1 {[%emt 0:00:02]}
Kg7 {[%emt 0:00:07]} 25. Bg2 {[%emt 0:00:02]} h5 {[%emt 0:00:00]} 26. h4 {
[%emt 0:00:07]} Ng4 {[%emt 0:00:07]} 27. Qe2 {[%emt 0:00:13]} Ngf6 {[%emt 0:00:
00]} 28. Bf3 {[%emt 0:00:00]} Re8 {[%emt 0:00:07]} 29. Nd3 {[%emt 0:00:11]}
Red8 {[%emt 0:00:06]} 30. Kg2 {[%emt 0:00:00]} Rh8 {[%emt 0:00:11]} 31. Qb2 {
[%emt 0:00:00]} Nc7 {[%emt 0:00:08]} 32. Nc5 {[%emt 0:00:02]} Nb5 {[%emt 0:00:
00]} 33. Re1 {[%emt 0:00:10]} Rhd8 {[%emt 0:00:02]} 34. Rbd1 {[%emt 0:00:00]}
Kh7 {[%emt 0:00:00]} 35. e4 {[%emt 0:00:07]} Kg8 {[%emt 0:00:05]} 36. d5 {
[%emt 0:00:00]} e5 {[%emt 0:00:01]} 37. dxc6 {[%emt 0:00:05]} bxc6 {[%emt 0:00:
00]} 38. Nxa6 {[%emt 0:00:03]} Ra8 {[%emt 0:00:00]} 39. Nc5 {[%emt 0:00:00]}
Nd4 {[%emt 0:00:02]} 40. Qc3 {[%emt 0:00:04]} Kg7 {[%emt 0:00:00]} 41. Nb3 {
[%emt 0:00:01]} Rab8 {[%emt 0:00:06]} 42. Nxd4 {[%emt 0:00:01]} exd4 {[%emt 0:
00:00]} 43. Rxd4 {[%emt 0:00:01]} Rxd4 {[%emt 0:00:03]} 44. Qxd4 {[%emt 0:00:
00]} Rxb4 {[%emt 0:00:00]} 45. Qc3 {[%emt 0:00:04]} Rb5 {[%emt 0:00:07]} 46.
Ra1 {[%emt 0:00:03]} Qa7 {[%emt 0:00:03]} 47. e5 {[%emt 0:00:03]} Nd5 {[%emt 0:
00:00]} 48. Qxc6 {[%emt 0:00:00]} Nc7 {[%emt 0:00:04]} 49. Qf6+ {[%emt 0:00:01]
} Kg8 {[%emt 0:00:01]} 50. Qe7 {[%emt 0:00:03]} Rxa5 {[%emt 0:00:01]} 51. Rc1 {
[%emt 0:00:02]} Ne6 {[%emt 0:00:04]} 52. Rc8+ {[%emt 0:00:03]} Kh7 {[%emt 0:00:
00]} 53. Qe8 {[%emt 0:00:00]} 1-0

[Event "RUS-ch Blitz 2021"]
[Site "Sochi"]
[Date "2021.10.11"]
[Round "5.5"]
[White "Babanin, Gleb"]
[Black "Tsydypov, Zhamsaran"]
[Result "0-1"]
[WhiteElo "2094"]
[BlackElo "2526"]
[Annotator "ChessBase"]
[PlyCount "122"]
[EventDate "2021.10.11"]
[EventType "blitz"]
[EventCountry "RUS"]
[SourceTitle "playchess.com"]
[Source "ChessBase"]
[SourceQuality "1"]
[TimeControl "180+2"]

1. e4 {[%emt 0:00:00]} c5 {[%emt 0:00:00]} 2. Nf3 {[%emt 0:00:00]} d6 {[%emt 0:
00:00]} 3. d4 {[%emt 0:00:00]} cxd4 {[%emt 0:00:00]} 4. Nxd4 {[%emt 0:00:07]}
Nf6 {[%emt 0:00:07]} 5. Nc3 {[%emt 0:00:00]} a6 {[%emt 0:00:00]} 6. f3 {
[%emt 0:00:07]} e5 {[%emt 0:00:03]} 7. Nb3 {[%emt 0:00:00]} Be7 {[%emt 0:00:00]
} 8. Be3 {[%emt 0:00:00]} Be6 {[%emt 0:00:12]} 9. Qd2 {[%emt 0:00:00]} O-O {
[%emt 0:00:00]} 10. O-O-O {[%emt 0:00:00]} a5 {[%emt 0:00:02]} 11. a4 {[%emt 0:
00:21]} Na6 {[%emt 0:00:00]} 12. Qf2 {[%emt 0:00:21]} Qc8 {[%emt 0:00:17]} 13.
Kb1 {[%emt 0:00:23]} Nb4 {[%emt 0:00:00]} 14. g4 {[%emt 0:00:04]} Ne8 {[%emt 0:
00:39]} 15. Nd5 {[%emt 0:00:35]} Nxd5 {[%emt 0:00:01]} 16. exd5 {[%emt 0:00:00]
} Bd7 {[%emt 0:00:00]} 17. Bb6 {[%emt 0:00:35]} Bxa4 {[%emt 0:00:09]} 18. Nxa5
{[%emt 0:00:00]} Bh4 {[%emt 0:00:18]} 19. Qd2 {[%emt 0:00:29]} Bd8 {[%emt 0:00:
59]} 20. Bxd8 {[%emt 0:00:09]} Qxd8 {[%emt 0:00:00]} 21. b4 {[%emt 0:00:16]}
Qc7 {[%emt 0:00:02]} 22. Kb2 {[%emt 0:00:00]} f5 {[%emt 0:00:16]} 23. g5 {
[%emt 0:00:03]} b6 {[%emt 0:00:05]} 24. Nc4 {[%emt 0:00:05]} Bd7 {[%emt 0:00:
14]} 25. Be2 {[%emt 0:00:00]} g6 {[%emt 0:00:10]} 26. Ra1 {[%emt 0:00:01]} Ng7
{[%emt 0:00:00]} 27. Rxa8 {[%emt 0:00:09]} Rxa8 {[%emt 0:00:00]} 28. Ra1 {
[%emt 0:00:00]} Rxa1 {[%emt 0:00:00]} 29. Kxa1 {[%emt 0:00:00]} Nh5 {[%emt 0:
00:00]} 30. Qe3 {[%emt 0:00:02]} Nf4 {[%emt 0:00:08]} 31. Bf1 {[%emt 0:00:01]}
Nxd5 {[%emt 0:00:03]} 32. Qb3 {[%emt 0:00:03]} Be6 {[%emt 0:00:01]} 33. Ne3 {
[%emt 0:00:12]} Nxe3 {[%emt 0:00:11]} 34. Qxe6+ {[%emt 0:00:00]} Qf7 {[%emt 0:
00:00]} 35. Qc8+ {[%emt 0:00:05]} Kg7 {[%emt 0:00:00]} 36. Bd3 {[%emt 0:00:00]}
Qe7 {[%emt 0:00:04]} 37. Qb8 {[%emt 0:00:05]} e4 {[%emt 0:00:00]} 38. fxe4 {
[%emt 0:00:00]} fxe4 {[%emt 0:00:03]} 39. Be2 {[%emt 0:00:05]} Qxg5 {[%emt 0:
00:14]} 40. Qxb6 {[%emt 0:00:00]} Qe5+ {[%emt 0:00:00]} 41. Kb1 {[%emt 0:00:00]
} Nd5 {[%emt 0:00:00]} 42. Qa7+ {[%emt 0:00:03]} Kh6 {[%emt 0:00:00]} 43. Qf2 {
[%emt 0:00:05]} Nc3+ {[%emt 0:00:02]} 44. Kc1 {[%emt 0:00:00]} Nxe2+ {[%emt 0:
00:05]} 45. Qxe2 {[%emt 0:00:00]} Qa1+ {[%emt 0:00:01]} 46. Kd2 {[%emt 0:00:04]
} Qd4+ {[%emt 0:00:00]} 47. Kc1 {[%emt 0:00:04]} Qxb4 {[%emt 0:00:00]} 48. Qe3+
{[%emt 0:00:00]} Kg7 {[%emt 0:00:00]} 49. Qf4 {[%emt 0:00:04]} Qd4 {[%emt 0:00:
02]} 50. Qg4 {[%emt 0:00:02]} Qe3+ {[%emt 0:00:07]} 51. Kb1 {[%emt 0:00:00]}
Qb6+ {[%emt 0:00:03]} 52. Kc1 {[%emt 0:00:00]} Qe3+ {[%emt 0:00:03]} 53. Kb1 {
[%emt 0:00:00]} Qf3 {[%emt 0:00:00]} 54. Qd7+ {[%emt 0:00:04]} Kh6 {[%emt 0:00:
00]} 55. Qxd6 {[%emt 0:00:05]} e3 {[%emt 0:00:00]} 56. Qd3 {[%emt 0:00:00]} Qf2
{[%emt 0:00:04]} 57. Qd4 {[%emt 0:00:01]} Kh5 {[%emt 0:00:06]} 58. Kb2 {
[%emt 0:00:04]} g5 {[%emt 0:00:02]} 59. Kc3 {[%emt 0:00:03]} Qf4 {[%emt 0:00:
03]} 60. Qd1+ {[%emt 0:00:03]} Kh4 {[%emt 0:00:00]} 61. Kd3 {[%emt 0:00:00]}
Qd6+ {[%emt 0:00:03]} 0-1

[Event "RUS-ch Blitz 2021"]
[Site "Sochi"]
[Date "2021.10.11"]
[Round "5.6"]
[White "Sakaev, Konstantin"]
[Black "Murzin, Volodar"]
[Result "1-0"]
[WhiteElo "2603"]
[BlackElo "2513"]
[Annotator "ChessBase"]
[PlyCount "65"]
[EventDate "2021.10.11"]
[EventType "blitz"]
[EventCountry "RUS"]
[SourceTitle "playchess.com"]
[Source "ChessBase"]
[SourceQuality "1"]
[TimeControl "180+2"]

1. d4 {[%emt 0:00:00]} Nf6 {[%emt 0:00:04]} 2. c4 {[%emt 0:00:02]} c6 {[%emt 0:
00:09]} 3. Nf3 {[%emt 0:00:01]} d5 {[%emt 0:00:01]} 4. Nc3 {[%emt 0:00:06]} a6
{[%emt 0:00:00]} 5. e3 {[%emt 0:00:15]} e6 {[%emt 0:00:29]} 6. Qc2 {[%emt 0:00:
00]} Nbd7 {[%emt 0:00:08]} 7. b3 {[%emt 0:00:03]} Bd6 {[%emt 0:00:17]} 8. Bb2 {
[%emt 0:00:27]} Qe7 {[%emt 0:00:04]} 9. Be2 {[%emt 0:00:02]} O-O {[%emt 0:00:
10]} 10. O-O {[%emt 0:00:03]} dxc4 {[%emt 0:00:46]} 11. bxc4 {[%emt 0:00:00]}
e5 {[%emt 0:00:12]} 12. h3 {[%emt 0:00:47]} Re8 {[%emt 0:00:08]} 13. Rfd1 {
[%emt 0:00:05]} exd4 {[%emt 0:00:25]} 14. exd4 {[%emt 0:00:04]} Nf8 {[%emt 0:
00:15]} 15. Re1 {[%emt 0:00:15]} Qd8 {[%emt 0:00:04]} 16. Bf1 {[%emt 0:00:10]}
Ng6 {[%emt 0:00:00]} 17. Rxe8+ {[%emt 0:00:04]} Qxe8 {[%emt 0:00:00]} 18. Re1 {
[%emt 0:00:03]} Qd8 {[%emt 0:00:01]} 19. Ne4 {[%emt 0:00:16]} Nxe4 {[%emt 0:00:
22]} 20. Qxe4 {[%emt 0:00:00]} Bd7 {[%emt 0:00:00]} 21. h4 {[%emt 0:00:07]} h6
{[%emt 0:00:05]} 22. d5 {[%emt 0:00:13]} cxd5 {[%emt 0:00:00]} 23. cxd5 {
[%emt 0:00:00]} Bb5 {[%emt 0:00:00]} 24. Qg4 {[%emt 0:00:22]} Bxf1 {[%emt 0:00:
02]} 25. Kxf1 {[%emt 0:00:00]} Qb6 {[%emt 0:00:06]} 26. Bd4 {[%emt 0:00:04]}
Qb5+ {[%emt 0:00:00]} 27. Kg1 {[%emt 0:00:00]} h5 {[%emt 0:00:03]} 28. Qxh5 {
[%emt 0:00:03]} Re8 {[%emt 0:00:05]} 29. Rxe8+ {[%emt 0:00:12]} Qxe8 {[%emt 0:
00:00]} 30. g3 {[%emt 0:00:05]} Qe4 {[%emt 0:00:00]} 31. Qh7+ {[%emt 0:00:05]}
Kf8 {[%emt 0:00:00]} 32. Qxg7+ {[%emt 0:00:00]} Ke8 {[%emt 0:00:03]} 33. Qxf7+
{[%emt 0:00:04]} 1-0

[Event "RUS-ch Blitz 2021"]
[Site "Sochi"]
[Date "2021.10.11"]
[Round "5.7"]
[White "Kobalia, Mikhail"]
[Black "Shubin, Kirill"]
[Result "0-1"]
[WhiteElo "2600"]
[BlackElo "2463"]
[Annotator "ChessBase"]
[PlyCount "49"]
[EventDate "2021.10.11"]
[EventType "blitz"]
[EventCountry "RUS"]
[SourceTitle "playchess.com"]
[Source "ChessBase"]
[SourceQuality "1"]
[TimeControl "180+2"]

1. e4 {[%emt 0:00:00]} e6 {[%emt 0:00:00]} 2. d4 {[%emt 0:00:07]} d5 {[%emt 0:
00:01]} 3. Nd2 {[%emt 0:00:00]} Be7 {[%emt 0:00:00]} 4. Bd3 {[%emt 0:00:06]} c5
{[%emt 0:00:04]} 5. dxc5 {[%emt 0:00:02]} Nf6 {[%emt 0:00:06]} 6. Ngf3 {
[%emt 0:00:08]} O-O {[%emt 0:00:02]} 7. O-O {[%emt 0:00:08]} Bxc5 {[%emt 0:00:
11]} 8. exd5 {[%emt 0:00:00]} exd5 {[%emt 0:00:00]} 9. Nb3 {[%emt 0:00:10]} Bb6
{[%emt 0:00:00]} 10. h3 {[%emt 0:00:05]} h6 {[%emt 0:00:06]} 11. Re1 {[%emt 0:
00:00]} Nc6 {[%emt 0:00:10]} 12. Be3 {[%emt 0:00:03]} Bxe3 {[%emt 0:00:08]} 13.
Rxe3 {[%emt 0:00:00]} Qb6 {[%emt 0:00:13]} 14. Qd2 {[%emt 0:00:00]} Ne4 {
[%emt 0:00:27]} 15. Bxe4 {[%emt 0:00:08]} dxe4 {[%emt 0:00:00]} 16. Rxe4 {
[%emt 0:00:04]} Bf5 {[%emt 0:00:00]} 17. Rf4 {[%emt 0:00:13]} Rad8 {[%emt 0:00:
21]} 18. Qc1 {[%emt 0:00:33]} Bg6 {[%emt 0:00:41]} 19. c3 {[%emt 0:00:00]} Rfe8
{[%emt 0:00:08]} 20. Nfd4 {[%emt 0:00:05]} Ne5 {[%emt 0:00:00]} 21. Qd2 {
[%emt 0:00:27]} Nc4 {[%emt 0:00:12]} 22. Qc1 {[%emt 0:00:02]} Ne5 {[%emt 0:00:
12]} 23. Qd2 {[%emt 0:00:00]} Nc4 {[%emt 0:00:00]} 24. Qc1 {[%emt 0:00:03]} Ne5
{[%emt 0:00:01]} 25. Qd2 {[%emt 0:00:26]} 0-1

[Event "RUS-ch Blitz 2021"]
[Site "Sochi"]
[Date "2021.10.11"]
[Round "5.8"]
[White "Pogosyan, Stefan"]
[Black "Pridorozhni, Aleksei"]
[Result "0-1"]
[WhiteElo "2407"]
[BlackElo "2564"]
[Annotator "ChessBase"]
[PlyCount "44"]
[EventDate "2021.10.11"]
[EventType "blitz"]
[EventCountry "RUS"]
[SourceTitle "playchess.com"]
[Source "ChessBase"]
[SourceQuality "1"]
[TimeControl "180+2"]

1. d4 {[%emt 0:00:00]} d5 {[%emt 0:00:14]} 2. c4 {[%emt 0:00:02]} e6 {[%emt 0:
00:00]} 3. Nc3 {[%emt 0:00:00]} Nf6 {[%emt 0:00:00]} 4. Nf3 {[%emt 0:00:23]} a6
{[%emt 0:00:37]} 5. c5 {[%emt 0:00:34]} b6 {[%emt 0:00:00]} 6. cxb6 {[%emt 0:
00:00]} cxb6 {[%emt 0:00:03]} 7. Bf4 {[%emt 0:00:24]} Bd6 {[%emt 0:00:00]} 8.
e3 {[%emt 0:00:00]} Bxf4 {[%emt 0:00:11]} 9. exf4 {[%emt 0:00:00]} O-O {
[%emt 0:00:00]} 10. Bd3 {[%emt 0:00:00]} Nc6 {[%emt 0:00:00]} 11. O-O {[%emt 0:
00:00]} Qd6 {[%emt 0:00:00]} 12. Ne5 {[%emt 0:00:00]} Bd7 {[%emt 0:00:09]} 13.
Rc1 {[%emt 0:00:10]} Rfc8 {[%emt 0:00:01]} 14. Qd2 {[%emt 0:00:13]} Nxd4 {
[%emt 0:00:17]} 15. Bxh7+ {[%emt 0:00:01]} Nxh7 {[%emt 0:00:07]} 16. Qxd4 {
[%emt 0:00:03]} Nf6 {[%emt 0:00:00]} 17. Rfd1 {[%emt 0:01:08]} Be8 {[%emt 0:00:
00]} 18. f3 {[%emt 0:00:00]} Rc7 {[%emt 0:00:00]} 19. Rc2 {[%emt 0:00:00]} Rac8
{[%emt 0:00:18]} 20. Rdc1 {[%emt 0:00:00]} Qc5 {[%emt 0:00:21]} 21. Qf2 {
[%emt 0:00:20]} Qxf2+ {[%emt 0:00:05]} 22. Kxf2 {[%emt 0:00:00]} d4 {[%emt 0:
00:03]} 0-1